Tilastot visalle Valtioiden muotoja lipuilla #1

Klikkaa tästä pelataksesi tätä visaa!

Yleistilastot

  • Tätä visaa on pelattu 1 203 kertaa
  • Keskiarvotulos 13 / 16

Vastaustilastot

Vastaus% Oikein
Brasilia
99%
Intia
99%
Italia
99%
Kreikka
99%
Venäjä
98%
Egypti
92%
Meksiko
92%
Uusi-Seelanti
92%
Kroatia
91%
Saudi-Arabia
88%
Iran
84%
Panama
77%
Uruguay
77%
Liberia
54%
Mauritania
52%
Brunei
51%

Tulosjakauma

Persentiili vastausten määrän mukaan

Jokaisen tuloksen saaneiden osuus

Tuloshistoriasi

Et ole pelannut tätä visaa